4. kvartet smyczkowy Es partytura /

Hlavní autor: Statkowski, Roman, 1859-1925
Jazyk: Nelze použít, není lingvistický obsah
Vydáno: Kraków : Polskie Wydawnictwo Muzyczne, 1948
Fyzický popis: 75 s.
Hudebniny Hudebniny
Uloženo v:
LEADER 00769ncm a22002172a 4500
001 001080403
003 CZ BrMZK
005 20240321123014.0
007 qu
008 091217s1948 pl |||||||||||||||||zxx d
040 |a BOA001  |b cze 
072 7 |a 787  |x Hudba pro strunné a smyčcové nástroje  |2 Konspekt  |9 9 
100 1 |a Statkowski, Roman,  |d 1859-1925  |7 xx0024697  |4 cmp 
240 1 0 |a Kvartety,  |m housle (2), viola, violoncello,  |n č. 4,  |r Es dur 
245 1 0 |a 4. kvartet smyczkowy Es  |h [hudebnina] :  |b partytura /  |c Roman Statkowski 
260 |a Kraków :  |b Polskie Wydawnictwo Muzyczne,  |c 1948 
300 |a 75 s. 
910 |a BOA001  |b Mus2-0565.593 
990 |a MU 
991 |b 200912 
996 6 |b 2619437071  |c Mus2-0565.593  |l MZK  |r Sklad / do 1 hodiny  |n 0  |w 001102207  |u 000010  |a 1  |e BOA001  |j MZK50  |s P